000 01027nam a2200325Ia 4500
001 38829
003 IT-RoPAU
008 130308s9999 xx 000 0 und d
040 _aIT-RoPAU
040 _cIT-RoPAU
041 _aFRANCESE
100 _aConvert Jean-Claude
100 _gCodice Aut. SPICS: 17658
245 _aAspects reglementaires de la documentation (Les)
245 _bNouvelles Technologies de la documentation et de L'Information (Les)
250 _a1a ed.
260 _aPARIS
260 _bDocumentation Francaise
260 _c1985 [1° Ed.:1985 - Ed.Ling.Originale:1985]
300 _a"72 p. (prefazione: no ; testo: 72 [pagine: 393-464])"
500 _aAspetti Regolamentari della documentazione mercati informatici Aspetti finanziari Aspetti Giuridici
650 _aPEDAGOGIA DELLA COMUNICAZIONE SOCIALE
650 _eCodice materia Spics: 3804
700 _aVerani Henriette
700 _gCodice Aut. SPICS: 17657
942 _cBK
957 _71
999 _c43966
_d43966
999 _bSI
999 _g1